000
00208 a2200109 4500
020
_a
0763522384
041
_a
spa
100
_a
Mitton, Tony
245
_a
El mueneco de nieve
942
_c
BK
999
_c
29597
_d
29595
999
_d
29595